000 00257nam a2200097Ia 4500
001 1196940
005 20250827021816.0
008 250824s9999 xx 000 0 und d
245 0 _aBEN HİÇBİR ŞEY SÖYLEMEDİM
_cAHMET TELLİ
260 _bEVEREST YAYINLARI
999 _c1196940
_d1196940